Joan edukira

Тенденции развития университетов России (как занять лидирующие позиции в мировых рейтингах)

Монография посвящена актуальной проблеме развития ведущих университетов России и повышения эффективности реализации их интеллектуального, научного потенциалов для обеспечения инновационной модернизации национальной экономики, путем активизации интеграционных процессов между университетами и реальным...

Deskribapen osoa

Gorde:
Xehetasun bibliografikoak
Egile nagusia: Воробьева Е. С.
Beste egile batzuk: Фомина А. В.
Formatua: Книга
Hizkuntza:Russian
Argitaratua: Москва НИЯУ МИФИ 2014
Sarrera elektronikoa:https://e.lanbook.com/book/103233
https://e.lanbook.com/img/cover/book/103233.jpg
Etiketak: Etiketa erantsi
Etiketarik gabe, Izan zaitez lehena erregistro honi etiketa jartzen!
LEADER 02617nam0a2200277 i 4500
001 103233
003 RuSpLAN
005 20221220174007.0
008 221220s2014 ru gs 000 0 rus
020 |a 978-5-7262-1961-5 
040 |a RuSpLAN 
041 0 |a rus 
044 |a ru 
080 |a 378.4 
084 |a 74.58  |2 rubbk 
245 0 0 |a Тенденции развития университетов России (как занять лидирующие позиции в мировых рейтингах)  |c Воробьева Е. С.,Фомина А. В. 
260 |a Москва  |b НИЯУ МИФИ  |c 2014 
300 |a 288 с. 
504 |a Библиогр.: доступна в карточке книги, на сайте ЭБС Лань 
520 8 |a Монография посвящена актуальной проблеме развития ведущих университетов России и повышения эффективности реализации их интеллектуального, научного потенциалов для обеспечения инновационной модернизации национальной экономики, путем активизации интеграционных процессов между университетами и реальным сектором экономики. Результаты, представленные в монографии, направлены на совершенствование оценки потенциала высшей школы России и прогнозирование его развития, определения наиболее рациональных направлений реализации потенциала вузов в промышленных комплексах для достижения конкурентных преимуществ на национальном и международном научно-образовательном рынках. Монография предназначена для научных работников, аспирантов, магистрантов, бакалавров, студентов вузов экономических специальностей. 
521 8 |a Книга из коллекции НИЯУ МИФИ - Психология. Педагогика 
100 1 |a Воробьева Е. С. 
700 1 |a Фомина А. В. 
856 4 |u https://e.lanbook.com/book/103233 
856 4 8 |u https://e.lanbook.com/img/cover/book/103233.jpg 
953 |a https://e.lanbook.com/img/cover/book/103233.jpg